Navaho witchcraft/ (Record no. 107)
[ view plain ]
| 000 -LEADER | |
|---|---|
| fixed length control field | 00594nam a2200193 a 4500 |
| 005 - DATE AND TIME OF LATEST TRANSACTION | |
| control field | 20260322212006.0 |
| 008 - FIXED-LENGTH DATA ELEMENTS--GENERAL INFORMATION | |
| fixed length control field | data |
| 010 ## - LIBRARY OF CONGRESS CONTROL NUMBER | |
| LC control number | 62-13533 |
| 090 ## - LOCALLY ASSIGNED LC-TYPE CALL NUMBER (OCLC); LOCAL CALL NUMBER (RLIN) | |
| Classification number (OCLC) (R) ; Classification number, CALL (RLIN) (NR) | E 99 .N3 K711n 1962 |
| 001 - CONTROL NUMBER | |
| control field | data |
| 100 1# - MAIN ENTRY--PERSONAL NAME | |
| Personal name | Kluckholn, Clyde, |
| Dates associated with a name | 1905-1960 |
| 245 10 - TITLE STATEMENT | |
| Title | Navaho witchcraft/ |
| Statement of responsibility, etc. | Clyde Kluckholn. |
| 260 ## - PUBLICATION, DISTRIBUTION, ETC. | |
| Place of publication, distribution, etc. | Boston, MA |
| Name of publisher, distributor, etc. | Beacon Press [1962] |
| Date of publication, distribution, etc. | c1944 |
| 300 ## - PHYSICAL DESCRIPTION | |
| Extent | xxii, 254 p. |
| 490 0# - SERIES STATEMENT | |
| Series statement | Papers of the Peabody Museum of American Archaeology and Ethnology, Harvard University ; vol. 22, no. 2 |
| 500 ## - GENERAL NOTE | |
| General note | Bibliography : p. 219-225 |
| 650 02 - SUBJECT ADDED ENTRY--TOPICAL TERM | |
| Topical term or geographic name entry element | Indians, North American |
| General subdivision | history |
| 650 02 - SUBJECT ADDED ENTRY--TOPICAL TERM | |
| Topical term or geographic name entry element | Occultism |
| Withdrawn status | Lost status | Damaged status | Not for loan | Home library | Current library | Shelving location | Date acquired | Total checkouts | Full call number | Barcode | Date last seen | Price effective from | Koha item type |
|---|---|---|---|---|---|---|---|---|---|---|---|---|---|
| Centerville | Centerville | General stacks | 22/03/2026 | GEN | BC0010111 | 22/03/2026 | 22/03/2026 | Books |